Library Banner

Higher education by design : (Record no. 118023)

MARC details
000 -LEADER
fixed length control field 00651cam a22002058i 4500
001 - CONTROL NUMBER
control field 20277864
005 - DATE AND TIME OF LATEST TRANSACTION
control field 20200729115316.0
008 - FIXED-LENGTH DATA ELEMENTS--GENERAL INFORMATION
fixed length control field 180111s2018 nyu 000 0 eng
020 ## - INTERNATIONAL STANDARD BOOK NUMBER
International Standard Book Number 9780815354185 (pbk.)
040 ## - CATALOGING SOURCE
Transcribing agency PK-LaUMT
082 00 - DEWEY DECIMAL CLASSIFICATION NUMBER
Classification number 378.125
Edition number 23
Item number MAC-H
100 1# - MAIN ENTRY--PERSONAL NAME
Personal name Mackh, Bruce M.
245 10 - TITLE STATEMENT
Title Higher education by design :
Remainder of title best practices for curricular planning and instruction /
Statement of responsibility, etc by Bruce M. Mackh
260 ## - PUBLICATION, DISTRIBUTION, ETC. (IMPRINT)
Place of publication, distribution, etc New York :
Name of publisher, distributor, etc Routledge,
Date of publication, distribution, etc 2018
300 ## - PHYSICAL DESCRIPTION
Extent 267 p.
650 #0 - SUBJECT ADDED ENTRY--TOPICAL TERM
Topical term or geographic name as entry element College teachers
General subdivision In-service training.
650 #0 - SUBJECT ADDED ENTRY--TOPICAL TERM
Topical term or geographic name as entry element Teacher participation in curriculum planning.
650 #0 - SUBJECT ADDED ENTRY--TOPICAL TERM
Topical term or geographic name as entry element Effective teaching.
942 ## - ADDED ENTRY ELEMENTS (KOHA)
Koha item type Books
Holdings
Withdrawn status Lost status Damaged status Home library Current library Date acquired Full call number Barcode Date last seen Price effective from Koha item type Copy number
      UMT Main Campus UMT Main Campus 2020-07-29 378.125 MAC-H 134263 2020-11-26 2020-07-29 Books  
      UMT Main Campus UMT Main Campus 2020-10-20 378.125 MAC-H 134611 2020-12-16 2020-10-20 Books C.2